Представление документа в формате RUSMARC

ПолеНазваниеЗначение
  Тип записи a
  Библиографический уровень a
001 Контрольный номер RU/УОНБ/EK_Kray/471702684
005 Дата корректировки 20240131004938.0
100 Данные общей обработки __
a Данные общей обработки 20141212d2014 ||| 0rusy0189 ca
101 Язык документа 0_
a Язык текста rus
102 Страна публикации __
a Страна публикации RU
105 Кодированные данные (монография) __
a Кодированные данные (монография) y###||||000|y
200 Заглавие и сведения об ответственности 1_
a Заглавие О нашем будущем
f Первые сведения об ответственности Вячеслав Егоров
215 Физическое описание __
c Иллюстрации/тип воспроизводства 1 фот.
330 Аннотация __
a Аннотация Работа с молодежью на современном этапе, воспитание гражданственности и патриотихма.
461 Уровень набора _0
1 2000
a Мономах
1 011
463 Уровень физической единицы _0
1 001RU/УОНБ/EK_Kray/471702056
1 2000
a № 6
v С. 3
1 210
d 2014
610 Ключевые слова 0_
a Ключевые слова молодежь
610 Ключевые слова 0_
a Ключевые слова работа с молодежью
610 Ключевые слова 0_
a Ключевые слова воспитание гражданственности
610 Ключевые слова 0_
a Ключевые слова патриотизм
686 Индексы других классификаций __
a Классификационный индекс 74.200.513
2 Код системы rubbk
700 Автор _1
a Фамилия Егоров
b Имя (инициалы) В.
g Полное личное имя Вячеслав
4 Код отношения 070
801 Источник записи _0
a Страна RU
b Организация Ульяновская ОНБ
c Дата составления 20141212
g Правила каталогизации RCR
801 Источник записи _1
a Страна RU
b Организация Ульяновская ОНБ
c Дата составления 20141212
g Правила каталогизации RCR
901 Тип документа __
t Тип документа b
w Контрольный № источника RU/УОНБ/EK_Kray/471702056
909 Создатель записи __
a Создатель записи Бороденкова
938 Служебная информация __
a Имя БД kraeved_work
b Имя библиотеки УОНБ
c Имя АИБС МАРК-SQL
d Номер DOC_ID в БД 108697